000 00998nam a2200313 i 4500
003 EG-GICUC
005 20260124024529.0
008 260124s1985 uk ||||fr ||| 00| 0 eng d
020 _a0318010348
040 _aEG-GICUC
_cEG-GICUC
_dEG-GICUC
_erda
_beng
041 0 _aeng
082 0 4 _221
_a341.69
_bMA . A
092 0 4 _221
099 _aLaw1 11 341.69 MA . A 1985
100 1 _aV.Mallison,Sally
_eAuthor.
245 1 2 _aArmed Conflict In Lebanon 1982 :
_bHumanitarian Law In A Real World Setting /
_cSally V.Mallison .
264 0 _aLondon :
_bLongman Group ,
_c1985 .
300 _a107 Pages;
_c30 cm.
_billustrations, Images .
336 _atext
_2rda content
337 _aComputer
_2rda media
338 _aOnline Resource
_2rda carrier
546 _aText in English
650 0 4 _aPublic international law
650 0 4 _aWar crimes
700 1 _aMallison,W.Thomas
_eAuthor.
856 _uhttps://fll.law.cu.edu.eg/fulltext/th/B11-06811.pdf
905 _a59
942 _2ddc
_cBK
_e21
_n0
999 _c58823
_d58823